|
|
|
|
| LEADER |
00000nbm0a2200000 4500 |
| 001 |
175561 |
| 005 |
20231031165120.0 |
| 029 |
0 |
0 |
|a SU
|b 76085313
|f ТПУ
|
| 035 |
|
|
|a (RuTPU)RU\TPU\book\190351
|
| 090 |
|
|
|a 175561
|
| 100 |
|
|
|a 20100216d1978 k y0rusy50 ca
|
| 101 |
0 |
|
|a rus
|
| 102 |
|
|
|a RU
|
| 105 |
|
|
|a a p 001zy
|
| 200 |
1 |
|
|a Разработка и внедрение новых полимерных композиций для пропитки абразивных кругов и новых смазочно-охлаждающих жидкостей для шлифовальной обработка
|e Заключительный отчет о НИР
|e Тема: № 5-58/76
|f Томский политехнический институт (ТПИ) ; руководитель В. П. Лопатинский, Н. М. Ровкина
|
| 210 |
|
|
|a Томск
|d 1978
|
| 215 |
|
|
|a 81 л.
|
| 320 |
|
|
|a Библиогр.: с. 59-63.
|
| 610 |
1 |
|
|a отчеты о НИР
|
| 610 |
1 |
|
|a полимерные композиции
|
| 610 |
1 |
|
|a абразивные круги
|
| 610 |
1 |
|
|a пропитка
|
| 610 |
1 |
|
|a смазочно-охлаждающие жидкости
|
| 610 |
1 |
|
|a шлифовальная обработка
|
| 675 |
|
|
|a 621.923.079(04)
|v 3
|
| 702 |
|
1 |
|a Лопатинский
|b В. П.
|4 673
|
| 702 |
|
1 |
|a Ровкина
|b Н. М.
|4 677
|
| 712 |
0 |
2 |
|a Томский политехнический институт (ТПИ)
|c (1944-1991)
|2 stltpush
|3 (RuTPU)RU\TPU\col\1123
|4 595
|
| 801 |
|
1 |
|a RU
|b 63413507
|c 20100216
|
| 942 |
|
|
|c BK
|